Cambridge College Sudden Death - Statistics

General Stats
  • This quiz has been taken 282 times
    266 since last reset
  • The average score is 16 of 20
Answers on the Grid
Answers color-coded by a green-red scale on the quiz's grid according to % correct below.
Trinity Hall
Robinson
Queen Elizabeth's
Homerton
Girton
St Lukes
Emmanuel
Corpus Christi
St Johns
Grafton
Trinity
Peterhouse
Kings
Guildhall
Clare
Downing
Lady Jane's
Magdalene
Churchill
St Georges
Gonville & Caius
Hughe's Hall
St Edmunds
Victoria
Queens
Queen Mary's
Gardinia
Grantchester
Newnham
Lucy Cavendish
 
Answer Stats
Answer % Correct
Kings
88%
Trinity Hall
88%
Corpus Christi
86%
Trinity
85%
Emmanuel
83%
Girton
80%
Magdalene
79%
Peterhouse
79%
Queens
79%
St Johns
79%
Clare
78%
Homerton
78%
Churchill
77%
Downing
77%
Gonville & Caius
75%
Newnham
75%
Robinson
72%
Lucy Cavendish
70%
St Edmunds
69%
Hughe's Hall
63%
No matching quizzes found
Score Distribution
Percent of People with Each Score
Percentile by Number Answered
Your Score History
You have not taken this quiz since the last reset